00898nam a2200313 a 450000100080000000500110000800800410001910000160006024500830007625000100015926000670016930000100023665300160024665300270026265300240028965300110031365300200032465300290034465300300037365300220040365300190042565300220044465300220046665300180048865300200050665300190052670000160054570000230056110102931998-10-15 1976 bl uuuu 00u1 u #d1 aPAIVA, R.M. aSetor agricola do Brasilbcomportamento economico, problemas e possibilidades. a2.ed. aRio de Janeiro: Forense-Universitaria ; Sao Paulo: EDUSPc1976 a442p. aAGRICULTURA aASSISTENCIA FINANCEIRA aASSISTENCIA TECNICA aBRASIL aCOMERCIALIZACAO aDESENVOLVIMENTO AGRICOLA aDESENVOLVIMENTO ECONOMICO aECONOMIA AGRICOLA aEXTENSAO RURAL aPOLITICA AGRICOLA aPRODUCAO AGRICOLA aPRODUTIVIDADE aREFORMA AGRARIA aSETOR AGRICOLA1 aSHATTAN, S.1 aFREITAS, C.F.T.de.